000
00285nam a2200097Ia 4500
005
20251222114401.0
008
251222s1900||||xx |||||||||||||| ||spa||
082
_a
DVD0093/P59/2006
245
0
_a
Las mejores prácticas del marketing casos: ganadores de los premios Effie 2006:
942
_c
DVD
999
_c
1645
_d
1645